00737nam a2200241 a 4500001001300000003000900013005001700022008004100039020002300080082002100103100002100124245004300145260003600188300000900224500003500233505002400268650001600292700002100308902000800329942000700337952013400344999001700478nice12345678IN_TiNIC20260116014609.0050524s2002 newa grp 000 0 eng  a8173047 c55000a306.0988145bKOT aKotani, Hiroyuki aWestern India in Historical Transition aNew Delhi bManohar Pub. c2002 a308p aincludes index and biblioraphy2 aBibliography, Index aCaste-India1 aKotani, Hiroyuki bSRS cBK 001040708StackRoom-aHMIbHMId2007-04-04g550.00l1o306.0988145 KOTp020965r2019-02-12s2019-01-21v550.00w2005-05-24yBK c16144d16144